Statistiques concernant Les enfoirés 2023- les chansons

Cliquez ici pour prendre le quiz!

Statistiques générales

  • Ce quiz a été pris 33 fois
  • Le résultat moyen est 17 sur 27

Statistiques - réponses

Artiste originalChanson% Correct
Aquabarbie girl
96%
Juliette Armanet
le dernier jour du disco
96%
Lady Gaga/Bradley Coopershallow
92%
Galafreed from desire
85%
Liobanana split
81%
Mylene Farmerdésenchantée
81%
Jean Jacques Goldman/Coluchela chanson des restos
77%
Orelsanla quête
69%
Maëlletoutes les machines ont un coeur
69%
Eddy Mitchellcouleur menthe à l'eau
62%
Michel Bergerla groupie du pianiste
62%
Téléphonela bombe humaine
58%
Les Enfoirésrêvons
58%
Bejamin Biolaycomment est ta peine
54%
Michel Polnareff
le bal des laze
54%
Angèlelibre
54%
Daniel Levimon frère
54%
Patrick Fiori/Patrick Bruelcorsica
50%
Thérapie Taxieété 90
50%
Francis Cabrelje l'aime à mourir
50%
Slimaneviens on s'aime
50%
Christophe Maécasting
46%
Jean Jacques Goldmandes bouts de moi
46%
The Weekendi feel it coming
46%
Renaudla pêche à la ligne
46%
Celine Dion
dans un autre monde
38%
Serge Lamales ballons rouges
38%

Distribution des résultats

Percentile par nombre de réponses

% des personnes avec chaque résultat

Votre développement - résultats

Vous n’avez pas pris ce quiz